Wapenschilden van Landen - Statistieken

Algemene statistieken
  • Deze quiz is 38 keer genomen
  • De gemiddelde score is 75 van 196
Antwoordstatistieken
Foto Antwoord % Correct
Verenigde Staten
95%
Australië
86%
China
82%
Mexico
82%
Duitsland
77%
IJsland
77%
Portugal
77%
Zwitserland
77%
Egypte
73%
Ierland
73%
Kroatië
73%
Oostenrijk
73%
Slowakije
73%
Spanje
73%
Albanië
68%
Argentinië
68%
Bosnië en Herzegovina
68%
Griekenland
68%
Malta
68%
Polen
68%
Turkije
68%
Zuid-Korea
68%
België
64%
Ecuador
64%
Hongarije
64%
Kosovo
64%
Libanon
64%
Madagaskar
64%
Marokko
64%
Nederland
64%
Niger
64%
Slovenië
64%
Somalië
64%
Vietnam
64%
Canada
59%
Frankrijk
59%
Iran
59%
Israël
59%
Kenia
59%
Noord-Korea
59%
Oekraïne
59%
Peru
59%
Colombia
55%
Haïti
55%
India
55%
Luxemburg
55%
Maldiven
55%
Nepal
55%
Nieuw-Zeeland
55%
Panama
55%
Rusland
55%
Servië
55%
Syrië
55%
Thailand
55%
Verenigde Arabische Emiraten
55%
Verenigd Koninkrijk
55%
Afghanistan
50%
Bolivia
50%
Bulgarije
50%
Chili
50%
El Salvador
50%
Ethiopië
50%
Filipijnen
50%
Irak
50%
Italië
50%
Japan
50%
Myanmar
50%
Noorwegen
50%
Taiwan
50%
Tunesië
50%
Uruguay
50%
Andorra
45%
Centraal-Afrikaanse Republiek
45%
Finland
45%
Kameroen
45%
Koeweit
45%
Mongolië
45%
Namibië
45%
Nicaragua
45%
Saoedi-Arabië
45%
Sri Lanka
45%
Tanzania
45%
Togo
45%
Tsjechië
45%
Zweden
45%
Angola
41%
Bahrein
41%
Brazilië
41%
Burkina Faso
41%
Cambodja
41%
Costa Rica
41%
Dominicaanse Republiek
41%
Indonesië
41%
Jemen
41%
Kazachstan
41%
Kiribati
41%
Oezbekistan
41%
Oman
41%
Pakistan
41%
Roemenië
41%
Vaticaanstad
41%
Algerije
36%
Bhutan
36%
Cuba
36%
Denemarken
36%
Gabon
36%
Ghana
36%
Guatemala
36%
Guinee
36%
Ivoorkust
36%
Laos
36%
Libië
36%
Litouwen
36%
Moldavië
36%
Qatar
36%
San Marino
36%
Tadzjikistan
36%
Tonga
36%
Turkmenistan
36%
Azerbeidzjan
32%
Belarus
32%
Belize
32%
Brunei
32%
Democratische Republiek Congo
32%
Equatoriaal-Guinea
32%
Eswatini
32%
Jordanië
32%
Letland
32%
Mauritanië
32%
Monaco
32%
Mozambique
32%
Paraguay
32%
Soedan
32%
Venezuela
32%
Zambia
32%
Zimbabwe
32%
Zuid-Afrika
32%
Democratische Republiek Congo
27%
Estland
27%
Fiji
27%
Georgië
27%
Senegal
27%
Trinidad en Tobago
27%
Dominica
23%
Grenada
23%
Jamaica
23%
Liechtenstein
23%
Montenegro
23%
Noord-Macedonië
23%
Singapore
23%
Suriname
23%
Cyprus
18%
Eritrea
18%
Mauritius
18%
Oeganda
18%
Armenië
14%
Djibouti
14%
Maleisië
14%
Sierra Leone
14%
Tsjaad
14%
Comoren
9%
Kirgizië
9%
Lesotho
9%
Micronesia
9%
Samoa
9%
Timor-Leste
9%
Zuid-Soedan
9%
Antigua en Barbuda
5%
Bangladesh
5%
Botswana
5%
Burundi
5%
Guinee-Bissau
5%
Liberia
5%
Mali
5%
Nigeria
5%
Saint Kitts en Nevis
5%
Saint Lucia
5%
Saint Vincent en de Grenadines
5%
Bahama's
0%
Barbados
0%
Benin
0%
Cabo Verde
0%
Gambia
0%
Guyana
0%
Honduras
0%
Malawi
0%
Marshalleilanden
0%
Nauru
0%
Palau
0%
Papoea-Nieuw-Guinea
0%
Rwanda
0%
Salomonseilanden
0%
Sao Tomé en Principe
0%
Seychellen
0%
Tuvalu
0%
Vanuatu
0%
Geen overeenkomende quizzen gevonden
Scoreverdeling
Procent van Mensen met Elke Score
Percentiel versus Aantal Correcte Antwoorden
Uw Scoregeschiedenis
U heeft deze quiz nog niet genomen